Statistics for Chris's General Knowledge Quiz #7

Click here to take the quiz!

General Stats

  • This quiz has been taken 60 times
  • The average score is 9 of 20

Answer Stats

QuestionAnswer% Correct
In chess, which piece can only move diagonally?Bishop
86%
Feta cheese is typically made from the milk of which animal?Sheep
79%
On a classic Rubik's Cube, how many stickers cover each face?Nine
75%
Which of Santa's reindeer comes last alphabetically?Vixen
74%
What name is given to the offspring of a male donkey and a female horse?Mule
70%
What is the state capital of Louisiana?Baton Rouge
60%
Who did Anthony Eden succeed as Prime Minister in 1955?Winston Churchill
56%
What language does the word 'algebra' come from?Arabic
54%
Which painter started the Impressionist Movement?Claude Monet
51%
What name is given to a baby swan?Cygnet
49%
According to the nursery rhyme, how many blackbirds were baked in a pie?Four and Twenty
49%
Who composed the opera 'Carmen'?Georges Bizet
40%
The Boeing B-29 that dropped the atomic bomb Little Boy on Hiroshima on 6th August 1945 was known by what name?Enola Gay
39%
Who was the first First Lady to be elected to public office in the United States?Hillary Clinton
37%
Which Japanese word literally means 'empty orchestra'?Karaoke
30%
Which denomination of Christianity was founded by John Wesley in 1738?Methodism
30%
Which country hosted the first Eurovision Song Contest in 1956?Switzerland
28%
What was the name of the infamous major who cheated his way to the £1 million jackpot on the UK version of 'Who Wants To Be A Millionaire?' in 2001?Charles Ingram
19%
What kind of dog is Ren from 'The Ren and Stimpy Show'?Chihuahua
18%
What is the name of King Arthur's sidekick in the 1975 film 'Monty Python and the Holy Grail'?Patsy
4%

Score Distribution

Percentile by Number Answered

Percent of People with Each Score

Your Score History

You have not taken this quiz